[Event "FRA-ch op-C"]
[Site "Caen"]
[Date "2011.08.25"]
[Round "9"]
[White "Nouhaud, Laurent"]
[Black "Chameret, Jean"]
[Result "0-1"]
[WhiteElo "1793"]
[BlackElo "1705"]
[PlyCount "78"]
[EventDate "2011.08.16"]
[EventType "swiss"]
[EventRounds "11"]
[EventCountry "FRA"]
[SourceTitle "EXT 2012"]
[Source "ChessBase"]
[SourceDate "2011.11.24"]
[SourceVersion "1"]
[SourceVersionDate "2011.11.24"]
[SourceQuality "1"]

1. f4 d6 2. Nf3 Nc6 3. e3 e5 4. fxe5 Nxe5 5. Nxe5 dxe5 6. Qf3 Bd6 7. Bc4 Qh4+ 8. Qg3 Qxc4 9. Qxg7 Qh4+ 10. g3 Qf6 11. Qxf6 Nxf6 12. d4 exd4 13. exd4 Ng4 14. 0-0 h5 15. Nc3 Be6 16. h3 Nh6 17. d5 Bxh3 18. Re1+ Kd7 19. Ne4 Ng4 20. c4 f5 21. c5 fxe4 22. cxd6 cxd6 23. Rxe4 Ne5 24. Kh2 Bg4 25. Rb4 b6 26. Bf4 Rhe8 27. a4 Rab8 28. Rb3 Nf3+ 29. Kg2 Re2+ 30. Kf1 Nd2+ 31. Bxd2 Rxd2 32. a5 b5 33. Rc1 Rf8+ 34. Kg1 Rxd5 35. Rbc3 Rc5 36. Rxc5 dxc5 37. Rxc5 Rf5 38. Rc3 Rf3 39. Rc5 Rxg3+ 0-1

[Event "FRA-ch op-C"]
[Site "Caen"]
[Date "2011.08.20"]
[Round "5"]
[White "Lanusse, Matthieu"]
[Black "Chameret, Jean"]
[Result "1-0"]
[WhiteElo "1790"]
[BlackElo "1705"]
[PlyCount "105"]
[EventDate "2011.08.16"]
[EventType "swiss"]
[EventRounds "11"]
[EventCountry "FRA"]
[SourceTitle "EXT 2012"]
[Source "ChessBase"]
[SourceDate "2011.11.24"]
[SourceVersion "1"]
[SourceVersionDate "2011.11.24"]
[SourceQuality "1"]

1. e4 b6 2. d4 Bb7 3. Bd3 e6 4. Nf3 Nf6 5. Qe2 c5 6. c3 Be7 7. 0-0 d6 8. h3 Nbd7 9. Bf4 Qc7 10. Bg3 c4 11. Bc2 0-0 12. Nbd2 Rac8 13. e5 dxe5 14. dxe5 Nd5 15. Ne4 h6 16. Nd6 Bxd6 17. exd6 Qd8 18. Nd4 N7f6 19. Nb5 Ne8 20. Nxa7 Rc5 21. a4 Nxd6 22. Bxd6 Qxd6 23. Nb5 Qe7 24. f4 Qh4 25. Qe4 g6 26. Nd6 Ba8 27. Qe1 Qxe1 28. Raxe1 Bc6 29. Re4 Ra8 30. Rxc4 Rxc4 31. Nxc4 Bxa4 32. Bxa4 Rxa4 33. b3 Ra2 34. Rf2 Ra1+ 35. Rf1 Rxf1+ 36. Kxf1 b5 37. Na3 Nxc3 38. Ke1 b4 39. Nc2 Nd5 40. g3 Kf8 41. Kd2 Ke7 42. Kd3 Kd6 43. Kc4 e5 44. fxe5+ Kxe5 45. Nxb4 Nxb4 46. Kxb4 Kd6 47. Kc4 f5 48. Kd4 g5 49. b4 h5 50. b5 Kc7 51. Ke5 g4 52. h4 f4 53. Kxf4 1-0

[Event "FRA-chT U20 0809"]
[Site "Sautron"]
[Date "2009.01.04"]
[Round "7.4"]
[White "Chameret, Jean"]
[Black "Delvaux, Robin"]
[Result "1/2-1/2"]
[WhiteElo "1660"]
[BlackElo "1789"]
[PlyCount "91"]
[EventDate "2008.10.??"]
[EventType "team-tourn"]
[EventRounds "11"]
[EventCountry "FRA"]
[SourceTitle "EXT 2010"]
[Source "ChessBase"]
[SourceDate "2010.11.25"]
[SourceVersion "1"]
[SourceVersionDate "2010.11.25"]
[SourceQuality "1"]

1. d4 c5 2. d5 e6 3. c4 exd5 4. cxd5 d6 5. Nc3 Be7 6. e4 Bf6 7. Bd3 Ne7 8. Bd2 Ng6 9. Nge2 0-0 10. 0-0 Re8 11. f4 a6 12. a4 Bg4 13. h3 Bxe2 14. Qxe2 Nd7 15. Rae1 Bd4+ 16. Kh1 Rc8 17. Rc1 Nf6 18. Rb1 Bxc3 19. Bxc3 c4 20. Bc2 Nxd5 21. f5 Nxc3 22. bxc3 Ne5 23. Rxb7 Qa5 24. Qd2 Nd3 25. Bxd3 cxd3 26. Qxd3 Qxa4 27. Rb4 Qc6 28. Rd4 Qxc3 29. Qxc3 Rxc3 30. Rxd6 Ra3 31. Rfd1 h6 32. R1d4 Ra2 33. Rc6 Rb8 34. Rc1 Rbb2 35. Rg1 Re2 36. Rd8+ Kh7 37. Re8 a5 38. e5 Ra4 39. e6 fxe6 40. fxe6 Rae4 41. Ra1 a4 42. e7 R2e3 43. Ra8 Re1+ 44. Rxe1 Rxe1+ 45. Kh2 Rxe7 46. Rxa4 1/2-1/2

[Event "FRA-chT U20a 0405"]
[Site "France"]
[Date "2005.05.15"]
[Round "8.9"]
[White "Aggoune, Audessa"]
[Black "Chameret, Jean"]
[Result "1-0"]
[WhiteElo "1230"]
[BlackElo "1009"]
[PlyCount "35"]
[EventDate "2004.11.19"]
[EventType "team"]
[EventRounds "11"]
[EventCountry "FRA"]
[SourceTitle "EXT 2006"]
[Source "ChessBase"]
[SourceDate "2005.11.24"]
[SourceVersion "1"]
[SourceVersionDate "2005.11.24"]
[SourceQuality "1"]

1. d4 d5 2. c4 e6 3. Nc3 Nf6 4. Nf3 c6 5. Bg5 Nbd7 6. e3 Qa5 7. a3 h6 8. Bf4 c5 9. dxc5 Qxc5 10. b4 Qb6 11. Nb5 e5 12. Nxe5 Ke7 13. cxd5 Nh5 14. d6+ Kd8 15. Nxf7+ Ke8 16. Nxh8 Nxf4 17. Nc7+ Kd8 18. Nf7# 1-0

[Event "Agneaux St Lo op 09th"]
[Site "Agneaux"]
[Date "2005.02.17"]
[Round "3"]
[White "Chameret, Jean"]
[Black "Mialon, Jean Francois"]
[Result "0-1"]
[WhiteElo "1120"]
[BlackElo "1450"]
[PlyCount "82"]
[EventDate "2005.02.16"]
[EventType "swiss"]
[EventRounds "6"]
[EventCountry "FRA"]
[SourceTitle "EXT 2006"]
[Source "ChessBase"]
[SourceDate "2005.11.24"]
[SourceVersion "1"]
[SourceVersionDate "2005.11.24"]
[SourceQuality "1"]

1. d4 e6 2. e4 d5 3. e5 c5 4. Nf3 Nc6 5. Bb5 a6 6. Be2 Qb6 7. Nc3 cxd4 8. Nxd4 Bb4 9. Nxc6 Bxc3+ 10. bxc3 bxc6 11. Be3 Qc7 12. Bd4 Ne7 13. 0-0 c5 14. Be3 0-0 15. c4 Rd8 16. Qd3 Ng6 17. Bf4 Nxf4 18. Qf3 Qxe5 19. Rfe1 Nxe2+ 20. Qxe2 Qxe2 21. Rxe2 Rb8 22. Rd1 Kf8 23. Ree1 Rb2 24. Rb1 Rxc2 25. cxd5 exd5 26. Rbc1 Rxc1 27. Rxc1 c4 28. Kf1 Ke7 29. Ke2 Kd6 30. Ke3 Kc5 31. g3 Re8+ 32. Kd2 d4 33. Kc2 Re2+ 34. Kb1 Rxf2 35. h4 c3 36. Re1 Be6 37. a4 Rb2+ 38. Kc1 d3 39. Re5+ Kd4 40. Rh5 d2+ 41. Kd1 Bg4# 0-1

[Event "FRA-chT U20 0405"]
[Site "Agneaux"]
[Date "2004.12.21"]
[Round "7.9"]
[White "Chameret, Jean"]
[Black "Giroyan, Gary"]
[Result "0-1"]
[WhiteElo "1009"]
[BlackElo "1760"]
[PlyCount "94"]
[EventDate "2004.12.16"]
[EventType "team"]
[EventRounds "7"]
[EventCountry "FRA"]
[SourceTitle "EXT 2006"]
[Source "ChessBase"]
[SourceDate "2005.11.24"]
[SourceVersion "1"]
[SourceVersionDate "2005.11.24"]
[SourceQuality "1"]
[WhiteTeam "Agneaux Saint Lo"]
[BlackTeam "Cannes"]
[WhiteTeamCountry "FRA"]
[BlackTeamCountry "FRA"]

1. e4 e5 2. Nf3 Nc6 3. Bb5 a6 4. Bxc6 dxc6 5. Nxe5 Qd4 6. Nf3 Qxe4+ 7. Qe2 Qxe2+ 8. Kxe2 Nf6 9. Re1 Be6 10. Kf1 0-0-0 11. d3 h6 12. Nc3 Bb4 13. a3 Bxc3 14. bxc3 Nd7 15. Bf4 Rhe8 16. Ne5 f6 17. Nxd7 Bxd7 18. Rxe8 Bxe8 19. Rd1 Bg6 20. g3 Rd5 21. Be3 Bf5 22. Kg2 b5 23. c4 bxc4 24. dxc4 Rxd1 25. f3 Bxc2 26. h4 Rd3 27. Bf4 Bd1 28. Kf2 Rxf3+ 29. Kg2 Rxa3 30. Kh3 g5 31. hxg5 fxg5 32. Be5 a5 33. Bg7 h5 34. Kh2 a4 35. Bf8 Ra2+ 36. Kg1 a3 37. Be7 Ra1 38. Bxg5 Be2+ 39. Kf2 a2 40. Bf6 Rf1+ 41. Kxe2 Rxf6 42. Ke3 a1Q 43. Ke4 Qe1+ 44. Kd4 Qxg3 45. Kc5 Qa3+ 46. Kd4 Rf4+ 47. Ke5 Qe3# 0-1

[Event "FRA-chT U20 0405"]
[Site "Agneaux"]
[Date "2004.12.20"]
[Round "6.7"]
[White "Chameret, Jean"]
[Black "Aflalo, Sophie"]
[Result "0-1"]
[WhiteElo "1009"]
[BlackElo "1740"]
[PlyCount "73"]
[EventDate "2004.12.16"]
[EventType "team"]
[EventRounds "7"]
[EventCountry "FRA"]
[SourceTitle "EXT 2006"]
[Source "ChessBase"]
[SourceDate "2005.11.24"]
[SourceVersion "1"]
[SourceVersionDate "2005.11.24"]
[SourceQuality "1"]
[WhiteTeam "Agneaux Saint Lo"]
[BlackTeam "AECE"]
[WhiteTeamCountry "FRA"]
[BlackTeamCountry "FRA"]

1. d4 Nf6 2. c4 g6 3. Nc3 Bg7 4. e4 d6 5. Bg5 Nbd7 6. f4 0-0 7. e5 Ne8 8. Bd3 f6 9. Bh4 fxe5 10. fxe5 dxe5 11. dxe5 Nxe5 12. Be4 Qxd1+ 13. Rxd1 Bg4 14. Nge2 Bxe2 15. Nxe2 Nf6 16. Bxf6 Rxf6 17. Bxb7 Rb8 18. Bd5+ e6 19. Be4 Rxb2 20. Rd8+ Kf7 21. Rc8 Rxa2 22. Rxc7+ Kg8 23. Nc3 Ra1+ 24. Nb1 Rf4 25. Bc2 Nxc4 26. Rf1 Rxf1+ 27. Kxf1 Nd2+ 28. Ke2 Nxb1 29. Bxb1 Rxb1 30. Rxa7 Rb2+ 31. Kd3 Rxg2 32. Re7 e5 33. Re8+ Kf7 34. Ra8 Rxh2 35. Ke4 h6 36. Ra7+ Kf6 37. Ra3 0-1

[Event "FRA-chT U20 0405"]
[Site "France"]
[Date "2004.11.20"]
[Round "1.10"]
[White "Catherine, Pierre Emmanuel"]
[Black "Chameret, Jean"]
[Result "1-0"]
[WhiteElo "1290"]
[BlackElo "1009"]
[PlyCount "37"]
[EventDate "2004.11.20"]
[EventType "team"]
[EventRounds "11"]
[EventCountry "FRA"]
[SourceTitle "CBM 103 Extra"]
[Source "ChessBase"]
[SourceDate "2005.01.01"]
[SourceVersion "1"]
[SourceVersionDate "2005.01.01"]
[SourceQuality "1"]

1. e4 e5 2. Nf3 Nf6 3. Nc3 Bb4 4. a3 Ba5 5. b4 Bb6 6. Bc4 d6 7. d4 Bxd4 8. Nxd4 exd4 9. Qxd4 Nc6 10. Qd3 Ne5 11. Qg3 0-0 12. Bd5 Nh5 13. Qe3 Ng4 14. Qf3 b6 15. Bxa8 Ba6 16. Qxg4 Nf6 17. Qg3 Qxa8 18. Bh6 Nxe4 19. Qxg7# 1-0

[Event "FRA-chT U20 0405"]
[Site "France"]
[Date "2004.11.20"]
[Round "1.8"]
[White "Chameret, Jean"]
[Black "Baehr, Tom"]
[Result "1-0"]
[WhiteElo "1009"]
[BlackElo "1009"]
[PlyCount "81"]
[EventDate "2004.11.20"]
[EventType "team"]
[EventRounds "11"]
[EventCountry "FRA"]
[SourceTitle "CBM 103 Extra"]
[Source "ChessBase"]
[SourceDate "2005.01.01"]
[SourceVersion "1"]
[SourceVersionDate "2005.01.01"]
[SourceQuality "1"]

1. e4 e5 2. Nc3 Nc6 3. g3 Nf6 4. Bg2 Bc5 5. Nf3 d6 6. Na4 Bg4 7. Nxc5 dxc5 8. d3 0-0 9. 0-0 Qd7 10. Qd2 Nxe4 11. Qe1 Nf6 12. Nxe5 Qe6 13. Nxg4 Nxg4 14. Bh3 h5 15. Bd2 Rae8 16. Bc3 b5 17. a3 a5 18. b4 axb4 19. axb4 cxb4 20. Bxb4 Qe5 21. Bxf8 Kxf8 22. f4 Qxe1 23. Rfxe1 Rxe1+ 24. Rxe1 Nb4 25. Rb1 Nxc2 26. Rxb5 Nd4 27. Rxh5 Ne2+ 28. Kf1 Nxg3+ 29. hxg3 Ne3+ 30. Ke2 Nd5 31. Rxd5 c6 32. Rc5 f6 33. Rxc6 g5 34. Rxf6+ Kg7 35. fxg5 Kg8 36. g6 Kg7 37. Ra6 Kh6 38. g7+ Kxg7 39. Kf3 Kf7 40. Ke4 Ke7 41. Kd5 1-0